Zoznam nových audítorov k 30.9.1994
Abecedne usporiadaný zoznam s adresou členený na fyzické osoby, asistentov audítora a právnické osoby.
Gespeichert in:
| Format: | Buchkapitel |
|---|---|
| Sprache: | Slowakisch |
| Schlagworte: | |
| Tags: |
Keine Tags, Fügen Sie das erste Tag hinzu!
|
MARC
| LEADER | 00000naa a2200000 4500 | ||
|---|---|---|---|
| 001 | r023945 | ||
| 005 | 20221213114837.3 | ||
| 041 | 0 | |a slo | |
| 044 | |a SK | ||
| 245 | 1 | 0 | |a Zoznam nových audítorov k 30.9.1994 |
| 520 | |a Abecedne usporiadaný zoznam s adresou členený na fyzické osoby, asistentov audítora a právnické osoby. | ||
| 610 | 2 | 0 | |a audítori |
| 610 | 2 | 0 | |a adresáre |
| 610 | 2 | 0 | |a Slovensko |
| 610 | 2 | 0 | |a 1994 |
| 610 | 2 | 0 | |a september |